Las batallas de Jineth Bedoya (Record no. 2278)

MARC details
000 -LEADER
campo de control de longitud fija 01006nam a22002655a 4500
003 - IDENTIFICADOR DE NÚMERO DE CONTROL
campo de control CO-BoRNBP
005 - FECHA Y HORA DE LA ÚLTIMA TRANSACCIÓN
campo de control 20231009175325.0
008 - DATOS DE LONGITUD FIJA--INFORMACIÓN GENERAL
campo de control de longitud fija 150902s2014 ck g 000 0dspa d
020 ## - NÚMERO INTERNACIONAL ESTÁNDAR DEL LIBRO
Número Internacional Estándar del Libro 9789587575361
040 ## - FUENTE DE CATALOGACIÓN
Centro catalogador/agencia de origen CO-BoRNBP
Lengua de catalogación spa
Normas de descripción rda
Centro/agencia transcriptor CO-BoRNBP
082 04 - NÚMERO DE LA CLASIFICACIÓN DECIMAL DEWEY
Número de clasificación 303.6861 B399b
Número de edición 22
100 10 - ENTRADA PRINCIPAL--NOMBRE DE PERSONA
Nombre de persona Bedoya Lima, Jineth
Fechas asociadas al nombre 1974-
9 (RLIN) 24350
245 14 - MENCIÓN DEL TÍTULO
Título Las batallas de Jineth Bedoya
Mención de responsabilidad, etc. Jineth Bedoya Lima
250 ## - MENCION DE EDICION
Mención de edición Edición especial para El Ministerio de Cultura, Biblioteca Nacional de Colombia
264 ## - PRODUCCIÓN, PUBLICACIÓN, DISTRIBUCIÓN, FABRICACIÓN Y COPYRIGHT
Producción, publicación, distribución, fabricación y copyright Bogotá
Nombre del de productor, editor, distribuidor, fabricante Intermedio Editores
Fecha de producción, publicación, distribución, fabricación o copyright 2014
300 ## - DESCRIPCIÓN FÍSICA
Extensión 254 páginas
Dimensiones 24 cm
336 ## - TIPO DE CONTENIDO
Término de tipo de contenido texto
Código de tipo de contenido txt
Fuente rdacontent
337 ## - TIPO DE MEDIO
Nombre/término del tipo de medio sin mediación
Código del tipo de medio n
Fuente rdamedia
338 ## - TIPO DE SOPORTE
Nombre/término del tipo de soporte volumen
Código del tipo de soporte nc
Fuente rdacarrier
521 ## - NOTA DE PÚBLICO DESTINATARIO
Nota de público destinatario Recomendado para jóvenes y adultos
600 10 - PUNTO DE ACCESO ADICIONAL DE MATERIA--NOMBRE DE PERSONA
Nombre de persona Bedoya Lima, Jineth
Subdivisión general Conversaciones
9 (RLIN) 24351
650 14 - PUNTO DE ACCESO ADICIONAL DE MATERIA--TÉRMINO DE MATERIA
Fuente del encabezamiento o término LEMB
Término de materia o nombre geográfico como elemento de entrada Violencia
Subdivisión general Aspectos sociales
Subdivisión geográfica Colombia
Subdivisión de forma Crónicas periodísticas
9 (RLIN) 24355
650 14 - PUNTO DE ACCESO ADICIONAL DE MATERIA--TÉRMINO DE MATERIA
Fuente del encabezamiento o término LEMB
Término de materia o nombre geográfico como elemento de entrada Conflicto armado
Subdivisión de forma Crónicas periodísticas
Subdivisión cronológica Colombia
9 (RLIN) 24353
942 ## - ELEMENTOS DE ENTRADA SECUNDARIOS (KOHA)
Fuente del sistema de clasificación o colocación Clasificación Decimal Dewey
Tipo de ítem Koha Libros
Holdings
Estatus retirado Estado de pérdida Fuente del sistema de clasificación o colocación Estado de daño No para préstamo Biblioteca de origen Biblioteca actual Fecha de adquisición Total de préstamos Signatura topográfica completa Código de barras Visto por última vez Copia número Precio de reemplazo Tipo de ítem Koha Colección Ubicación en estantería Fuente de adquisición
    Clasificación Decimal Dewey     BIBLIOTECA HUGO ANGEL JARAMILLO BIBLIOTECA HUGO ANGEL JARAMILLO 19/09/2023   303.6861 B22b 61896 19/09/2023 Ej. 1 19/09/2023 Libros General Colección general Dotación Min y Cultura BNC
    Clasificación Decimal Dewey     BIBLIOTECA PÚBLICA MUNICIPAL RAMON CORREA MEJIA BIBLIOTECA PÚBLICA MUNICIPAL RAMON CORREA MEJIA 09/10/2023   303.6861 B399b 37053 09/10/2023 Ej 1 09/10/2023 Libros      
    Clasificación Decimal Dewey     BIBLIOTECA PÚBLICA MUNICIPAL RAMON CORREA MEJIA BIBLIOTECA PÚBLICA MUNICIPAL RAMON CORREA MEJIA 09/10/2023   303.6861 B399b 37483 09/10/2023 Ej 2 09/10/2023 Libros      

Powered by Koha